MARC

LEADER 00000nam0a2200000 4500
001 355031
005 20231102010743.0
035 |a (RuTPU)RU\TPU\retro\12290 
090 |a 355031 
100 |a 20200630d1973 km y0rusy50 ca 
101 0 |a rus 
102 |a RU 
105 |a a z 001zy 
200 1 |a Геохимия редких элементов в ультраосновных и основных комплексах Восточной Сибири  |e [сборник]  |f Академия наук СССР, Сибирское отделение, Институт геохимии 
210 |a Москва  |c Наука  |d 1973 
215 |a 156 с.  |c ил. 
320 |a Библиография в конце статей 
606 1 |a Редкие элементы  |x Геохимия  |2 stltpush  |3 (RuTPU)RU\TPU\subj\24247  |9 48650 
610 1 |a Восточная Сибирь 
610 1 |a петрология 
610 1 |a Восточный Саян 
610 1 |a ультрабазиты 
610 1 |a пироксениты 
610 1 |a генезис 
610 1 |a геохимические особенности 
610 1 |a Саяно-Байкальская складчатая область 
610 1 |a габброиды 
610 1 |a титан 
610 1 |a траппы 
675 |a 550.42:546.3  |v 4 
712 0 2 |a Академия наук СССР  |b Сибирское отделение  |b Институт геохимии  |c (Новосибирск)  |2 stltpush  |3 (RuTPU)RU\TPU\col\12868  |9 25547 
801 1 |a RU  |b 63413507  |c 20200630 
801 2 |a RU  |b 63413507  |c 20210201  |g RCR 
942 |c BK